Secondary embryogenesis and plant regeneration from leaf derived somatic embryos of Hevea brasiliensis (Record no. 48874)

MARC details
000 -LEADER
fixed length control field 00763nam a2200229Ia 4500
100 ## - MAIN ENTRY--AUTHOR NAME
Personal name Kala R G
245 #0 - TITLE STATEMENT
Title Secondary embryogenesis and plant regeneration from leaf derived somatic embryos of Hevea brasiliensis
260 ## - PUBLICATION, DISTRIBUTION, ETC. (IMPRINT)
Name of publisher PLACROSYM XVIII. 10-13 December 2008, National Research Centre for Cashew, Puttur, Karnataka. Journal of Plantation Crops, 36 (3):218-222.
Year of publication 2008
650 ## - SUBJECT ADDED ENTRY--TOPICAL TERM
Topical Term Hypocotyls
650 ## - SUBJECT ADDED ENTRY--TOPICAL TERM
Topical Term Leaf explants
650 ## - SUBJECT ADDED ENTRY--TOPICAL TERM
Topical Term Secondary embryogenesis
650 ## - SUBJECT ADDED ENTRY--TOPICAL TERM
Topical Term Somatic embryogenesis
700 ## - ADDED ENTRY--PERSONAL NAME
Personal name Jayasree P K
700 ## - ADDED ENTRY--PERSONAL NAME
Personal name Jayasree R
700 ## - ADDED ENTRY--PERSONAL NAME
Personal name Kuruvila P
700 ## - ADDED ENTRY--PERSONAL NAME
Personal name Rekha K
700 ## - ADDED ENTRY--PERSONAL NAME
Personal name Sobha S
700 ## - ADDED ENTRY--PERSONAL NAME
Personal name Sushamakumari S
700 ## - ADDED ENTRY--PERSONAL NAME
Personal name Thulaseedharan A
942 ## - ADDED ENTRY ELEMENTS (KOHA)
Koha item type Bibliography STAF
Holdings
Withdrawn status Lost status Damaged status Not for loan Home library Current library Shelving location Date acquired Koha item type
      Bibliography RRII Library RRII Library Biotechnology 17/12/2008 Bibliography STAF